[Event "Benidorm 2010 - Sub-2000"]
[Site "Benidorm ESP"]
[Date "2010.12.07"]
[Round "6.11"]
[White "Kolev, Vasil"]
[Black "Fernandez Garcia, Javier"]
[Result "1-0"]
[WhiteElo "1991"]
[BlackElo "1940"]
[PlyCount "71"]
[EventDate "2010.12.03"]
[EventType "swiss"]
[EventRounds "10"]
[EventCountry "ESP"]
[Source "lmi"]
[SourceDate "2010.12.03"]

1. c4 e6 2. d4 d5 3. Nc3 c6 4. Nf3 dxc4 5. a4 Bb4 6. e3 b5 7. Bd2 a5 8. axb5
Bxc3 9. Bxc3 cxb5 10. b3 Bb7 11. bxc4 b4 12. Bb2 Nf6 13. Bd3 Nbd7 14. O-O O-O
15. Re1 Qc7 16. e4 e5 17. Nxe5 Nxe5 18. dxe5 Nd7 19. f4 Nc5 20. Bc2 Rfd8 21.
Qg4 Rd2 22. e6 fxe6 23. Be5 Qe7 24. Rad1 Rad8 25. Rxd2 Rxd2 26. Rd1 Rxd1+ 27.
Qxd1 Bxe4 28. Ba4 Nd3 29. Bd4 Nxf4 30. Qg4 e5 31. Qc8+ Kf7 32. Bc5 Qe6 33. Bd7
Nh3+ 34. gxh3 Qg6+ 35. Bg4 Qg5 36. Qe6# 1-0

[Event "Benidorm 2010 - Sub-2000"]
[Site "Benidorm ESP"]
[Date "2010.12.07"]
[Round "6.12"]
[White "Vladut, Matei"]
[Black "Saez Gabikagogeaskoa, Oscar"]
[Result "0-1"]
[WhiteElo "1988"]
[BlackElo "1939"]
[PlyCount "70"]
[EventDate "2010.12.03"]
[EventType "swiss"]
[EventRounds "10"]
[EventCountry "ESP"]
[Source "lmi"]
[SourceDate "2010.12.03"]

1. e4 c5 2. Nf3 Nc6 3. d4 cxd4 4. Nxd4 Nf6 5. Nc3 e5 6. Ndb5 d6 7. Bg5 a6 8.
Na3 b5 9. Nd5 Be7 10. Bxf6 Bxf6 11. c3 O-O 12. Nc2 Bg5 13. h4 Bh6 14. g4 Bf4
15. Qf3 Be6 16. Nxf4 Qf6 17. g5 Qxf4 18. Qxf4 exf4 19. Nd4 Nxd4 20. cxd4 f6 21.
f3 fxg5 22. hxg5 Rac8 23. Kd2 Bf7 24. Bd3 Bg6 25. a4 bxa4 26. Rxa4 Rb8 27. Rb1
Be8 28. Rxa6 Bb5 29. Rxd6 Bxd3 30. Kxd3 Rb3+ 31. Kd2 Rxf3 32. b4 Ra8 33. Ke2
Rh3 34. Kf2 Ra2+ 35. Kg1 f3 0-1

[Event "Benidorm 2010 - Sub-2000"]
[Site "Benidorm ESP"]
[Date "2010.12.07"]
[Round "6.13"]
[White "Agullo Thonus, Alejandro"]
[Black "Benito Vicente, Jose Oscar"]
[Result "1/2-1/2"]
[WhiteElo "1905"]
[BlackElo "1982"]
[PlyCount "110"]
[EventDate "2010.12.03"]
[EventType "swiss"]
[EventRounds "10"]
[EventCountry "ESP"]
[Source "lmi"]
[SourceDate "2010.12.03"]

1. d4 Nf6 2. Nf3 c5 3. c4 cxd4 4. Nxd4 e5 5. Nc2 Nc6 6. g3 Bc5 7. Bg2 Ng4 8.
O-O O-O 9. h3 Nf6 10. Nc3 a6 11. Be3 Bxe3 12. Nxe3 d6 13. a3 Be6 14. b4 Qc7 15.
Rc1 Nd4 16. Ncd5 Bxd5 17. Nxd5 Nxd5 18. Bxd5 Rac8 19. e3 Ne6 20. Qd2 Rfd8 21.
Rc3 b5 22. Rfc1 Qd7 23. cxb5 Rxc3 24. Qxc3 Qxb5 25. Qc6 Qe2 26. Bxe6 fxe6 27.
Qc7 Rf8 28. Rc2 Qd1+ 29. Kg2 Qf3+ 30. Kh2 Qd1 31. a4 Qf1 32. f4 exf4 33. exf4
Qd3 34. Qc4 Qxc4 35. Rxc4 Rb8 36. Kg2 Kf7 37. Kf3 Ke7 38. Ke3 Kd7 39. Kd3 d5
40. Rd4 Rc8 41. b5 axb5 42. axb5 Kd6 43. Rb4 Kc5 44. Rb1 Kb6 45. Kd4 Rc4+ 46.
Kd3 Rc5 47. Kd4 Rxb5 48. Rxb5+ Kxb5 49. f5 exf5 50. Kxd5 g6 51. Ke5 Kc5 52. h4
Kc6 53. h5 gxh5 54. Kxf5 Kd6 55. Kg5 Ke7 1/2-1/2

[Event "Benidorm 2010 - Sub-2000"]
[Site "Benidorm ESP"]
[Date "2010.12.07"]
[Round "6.14"]
[White "Esquerdo Nogueroles, Gaspar"]
[Black "Rubio Trigueros, Jose Luis"]
[Result "0-1"]
[WhiteElo "1964"]
[BlackElo "1931"]
[PlyCount "80"]
[EventDate "2010.12.03"]
[EventType "swiss"]
[EventRounds "10"]
[EventCountry "ESP"]
[Source "lmi"]
[SourceDate "2010.12.03"]

1. c4 f5 2. d4 Nf6 3. Nc3 d6 4. g3 g6 5. Bg2 Bg7 6. Nf3 O-O 7. O-O c6 8. Qb3
Kh8 9. Bg5 Qe8 10. Rad1 e5 11. dxe5 dxe5 12. Rd6 e4 13. Nd4 Na6 14. Rd1 Qf7 15.
h4 h6 16. Bc1 Re8 17. Bh3 Bf8 18. Nc2 Bxd6 19. Rxd6 Kh7 20. Be3 Be6 21. Na3 Qe7
22. Rxe6 Qxe6 23. Qxb7+ Qe7 24. Qxa6 Rab8 25. b3 Rbc8 26. Qxa7 Rc7 27. Qc5 Qd7
28. Bd4 Nh5 29. e3 Ng7 30. Nc2 Ne6 31. Qa5 Rcc8 32. h5 c5 33. hxg6+ Kxg6 34.
Be5 Ng5 35. Bxf5+ Kxf5 36. Nd5 Rxe5 37. Qc3 Nf3+ 38. Kg2 Rg8 39. b4 cxb4 40.
Qxb4 Rxd5 0-1

[Event "Benidorm 2010 - Sub-2000"]
[Site "Benidorm ESP"]
[Date "2010.12.07"]
[Round "6.15"]
[White "Frey, Armin"]
[Black "Sacristan Latorre, Alberto"]
[Result "1/2-1/2"]
[WhiteElo "1962"]
[BlackElo "1928"]
[PlyCount "54"]
[EventDate "2010.12.03"]
[EventType "swiss"]
[EventRounds "10"]
[EventCountry "ESP"]
[Source "lmi"]
[SourceDate "2010.12.03"]

1. f4 d5 2. e3 c5 3. Bb5+ Bd7 4. Qe2 Nf6 5. Nf3 e6 6. b3 Bd6 7. Bb2 Qb6 8.
Bxd7+ Nbxd7 9. O-O Qc7 10. d3 O-O 11. c4 e5 12. fxe5 Nxe5 13. Nbd2 Rae8 14.
cxd5 Nxd5 15. Ng5 Ng6 16. Qh5 h6 17. Nxf7 Rxf7 18. Qxg6 Bxh2+ 19. Kh1 Be5 20.
d4 Bf6 21. Ne4 Qe7 22. Nxf6+ Rxf6 23. Rxf6 Nxf6 24. dxc5 Ne4 25. Bxg7 Qh4+ 26.
Kg1 Qf2+ 27. Kh1 Qh4+ 1/2-1/2

[Event "Benidorm 2010 - Sub-2000"]
[Site "Benidorm ESP"]
[Date "2010.12.07"]
[Round "6.21"]
[White "Martinez Escandell, Alfonso"]
[Black "Marcos Herrero, Francisco"]
[Result "1-0"]
[WhiteElo "1991"]
[BlackElo "1909"]
[PlyCount "43"]
[EventDate "2010.12.03"]
[EventType "swiss"]
[EventRounds "10"]
[EventCountry "ESP"]
[Source "lmi"]
[SourceDate "2010.12.03"]

1. e4 c5 2. Nf3 d6 3. d4 Nf6 4. Nc3 cxd4 5. Nxd4 Nc6 6. Bc4 Bd7 7. f3 Rc8 8.
Bb3 Qa5 9. Be3 g6 10. Qd2 h5 11. O-O-O Ne5 12. Kb1 Bg7 13. h3 Nc4 14. Bxc4 Rxc4
15. Nb3 Qc7 16. Bg5 Be6 17. Nb5 Qb8 18. N5d4 Bd7 19. c3 b5 20. Nc2 Qc7 21. Ne3
Rxe4 22. Bxf6 1-0

[Event "Benidorm 2010 - Sub-2000"]
[Site "Benidorm ESP"]
[Date "2010.12.07"]
[Round "6.24"]
[White "Tirado Parra, Alberto"]
[Black "Cuadrado Lopez, Francisco Javie"]
[Result "0-1"]
[WhiteElo "1908"]
[BlackElo "1984"]
[PlyCount "68"]
[EventDate "2010.12.03"]
[EventType "swiss"]
[EventRounds "10"]
[EventCountry "ESP"]
[Source "lmi"]
[SourceDate "2010.12.03"]

1. b3 e5 2. Bb2 Nc6 3. e3 Nf6 4. Bb5 d6 5. Nf3 Bd7 6. d4 e4 7. Nfd2 a6 8. Bxc6
bxc6 9. c4 d5 10. Nc3 Be7 11. O-O O-O 12. Qc2 Re8 13. Rac1 Bd6 14. Rfe1 Bxh2+
15. Kxh2 Ng4+ 16. Kg1 Qh4 17. Nf1 Re6 18. cxd5 Rh6 19. Ng3 Re8 20. a4 f5 21.
dxc6 Rxc6 22. d5 Rh6 23. Nd1 Rc8 24. Qc4 Rd6 25. Qd4 Rg6 26. d6 c6 27. Qa7 Rxd6
28. Nxf5 Qh2+ 29. Kf1 Rd2 30. Ng3 Rf8 31. Re2 Rd5 32. Nc3 Qxg3 33. Nxe4 Qh2 34.
Ng3 Qxg3 0-1

[Event "Benidorm 2010 - Sub-2000"]
[Site "Benidorm ESP"]
[Date "2010.12.07"]
[Round "6.34"]
[White "Gomez Manzano, Francisco Carlos"]
[Black "Zanoletty Garcia, David"]
[Result "0-1"]
[WhiteElo "1845"]
[BlackElo "1998"]
[PlyCount "44"]
[EventDate "2010.12.03"]
[EventType "swiss"]
[EventRounds "10"]
[EventCountry "ESP"]
[Source "lmi"]
[SourceDate "2010.12.03"]

1. c4 e6 2. Nc3 d5 3. cxd5 exd5 4. g3 Nf6 5. Bg2 Be7 6. d3 O-O 7. Nf3 a6 8. O-O
b6 9. Bf4 Bb7 10. Rc1 d4 11. Nb1 c5 12. b4 Ra7 13. bxc5 Bxc5 14. Nbd2 Nd5 15.
Be5 Nc3 16. Qe1 Re8 17. e4 dxe3 18. fxe3 Nxa2 19. Rb1 Nb4 20. d4 Nd3 21. Qd1
Nxe5 22. Nxe5 Bxd4 0-1

[Event "Benidorm 2010 - Sub-2000"]
[Site "Benidorm ESP"]
[Date "2010.12.07"]
[Round "6.36"]
[White "Martinez Hernandez, Javier"]
[Black "Pascual Fuertes, Jose Enrique"]
[Result "1-0"]
[WhiteElo "1996"]
[BlackElo "1838"]
[PlyCount "31"]
[EventDate "2010.12.03"]
[EventType "swiss"]
[EventRounds "10"]
[EventCountry "ESP"]
[Source "lmi"]
[SourceDate "2010.12.03"]

1. Nf3 d5 2. d4 Nf6 3. Bf4 h6 4. e3 Bg4 5. Bd3 Nc6 6. c3 Ne4 7. Qb3 Na5 8. Qa4+
c6 9. Nbd2 b5 10. Qc2 f5 11. Ne5 Bh5 12. g4 fxg4 13. Nxe4 g5 14. Nxg5 Qd6 15.
Ngf7 Bxf7 16. Nxf7 1-0

[Event "Benidorm 2010 - Sub-2000"]
[Site "Benidorm ESP"]
[Date "2010.12.07"]
[Round "6.58"]
[White "Barrio Ungidos, Ainhoa"]
[Black "Gonzalez Pabollet, Jesus Maria"]
[Result "1-0"]
[WhiteElo "1637"]
[BlackElo "1891"]
[PlyCount "31"]
[EventDate "2010.12.03"]
[EventType "swiss"]
[EventRounds "10"]
[EventCountry "ESP"]
[Source "lmi"]
[SourceDate "2010.12.03"]

1. e4 c5 2. Nf3 e6 3. d4 cxd4 4. Nxd4 Nf6 5. Nc3 Bb4 6. e5 Nd5 7. Bd2 Bxc3 8.
bxc3 Qc7 9. f4 g5 10. Nb5 Qc5 11. Nd6+ Ke7 12. Qh5 gxf4 13. c4 Nc6 14. cxd5
Nxe5 15. Qxe5 f6 16. Qxf6+ 1-0

[Event "Benidorm 2010 - Sub-2000"]
[Site "Benidorm ESP"]
[Date "2010.12.08"]
[Round "7.1"]
[White "Dimitrijevic, Dragan"]
[Black "Mingarro Carceller, Sergio"]
[Result "0-1"]
[WhiteElo "1949"]
[BlackElo "1917"]
[PlyCount "70"]
[EventDate "2010.12.03"]
[EventType "swiss"]
[EventRounds "10"]
[EventCountry "ESP"]
[Source "lmi"]
[SourceDate "2010.12.03"]

1. Nf3 f5 2. b3 d6 3. d4 Nf6 4. g3 g6 5. Bb2 Bg7 6. Bg2 O-O 7. O-O Qe8 8. Nbd2
Nc6 9. Nc4 e6 10. a4 h6 11. Ne1 Qf7 12. Nd3 g5 13. f3 Qg6 14. b4 Nd5 15. c3 f4
16. e4 fxe3 17. Qe2 Bd7 18. Nxe3 Nxe3 19. Qxe3 e5 20. d5 Ne7 21. c4 Rae8 22.
Nf2 Nf5 23. Qxa7 h5 24. b5 g4 25. Ra3 Nxg3 26. hxg3 gxf3 27. Bxf3 e4 28. Bxg7
exf3 29. Kh2 Qxg7 30. Re3 Kh8 31. Rfe1 h4 32. g4 b6 33. Rxe8 Rxe8 34. Rxe8+
Bxe8 35. Qb8 Qe5+ 0-1

[Event "Benidorm 2010 - Sub-2000"]
[Site "Benidorm ESP"]
[Date "2010.12.08"]
[Round "7.2"]
[White "Albers, Andreas"]
[Black "Shen, Yue"]
[Result "0-1"]
[WhiteElo "1932"]
[BlackElo "1911"]
[PlyCount "172"]
[EventDate "2010.12.03"]
[EventType "swiss"]
[EventRounds "10"]
[EventCountry "ESP"]
[Source "lmi"]
[SourceDate "2010.12.03"]

1. e4 g6 2. d4 c6 3. Nc3 d5 4. e5 Bg7 5. f4 h5 6. Nf3 Nh6 7. Be2 Bg4 8. O-O e6
9. Ng5 Bxe2 10. Nxe2 Nf5 11. Qd3 Na6 12. a3 Bf8 13. b4 Nc7 14. Bd2 Be7 15. Rfb1
O-O 16. Ng3 Nxg3 17. Qxg3 Qd7 18. Qd3 b6 19. Rb3 c5 20. bxc5 bxc5 21. Rb7 c4
22. Qg3 Rfb8 23. Rxc7 Qxc7 24. Nxe6 Qd7 25. f5 Rb7 26. Rf1 Rc8 27. Nf4 Qxf5 28.
Nxd5 Qe4 29. Nf6+ Bxf6 30. exf6 Qxd4+ 31. Be3 Qg4 32. Qe5 Rbb8 33. h3 Qe6 34.
Qg5 Qe8 35. Bxa7 Rb5 36. Qf4 Rf5 37. Qh6 Rxf1+ 38. Kxf1 Qf8 39. Qe3 c3 40. Bd4
Qxa3 41. Qh6 Qf8 42. Qe3 Kh7 43. Qf4 Qd8 44. Be3 Kg8 45. Qh6 Qxf6+ 46. Ke2 Re8
47. Kd3 Rd8+ 48. Ke2 Qe5 49. Kf3 Rd5 50. Bf4 Qg7 51. Qxg7+ Kxg7 52. Ke4 Rc5 53.
Kd4 Rc8 54. Kd3 Kf6 55. Be3 Ke5 56. g3 Kd5 57. Bd4 h4 58. gxh4 Rb8 59. Kxc3 Rb1
60. Bf6 Rh1 61. Kb4 Kc6 62. c3 Rxh3 63. Kc4 Rf3 64. Be5 f6 65. Bd4 Rf4 66. Kd3
f5 67. Bf6 Re4 68. Bg5 Kd5 69. Bf6 f4 70. Bd4 Re8 71. c4+ Kc6 72. c5 Kd5 73.
Bf2 Ra8 74. c6 Kxc6 75. Ke4 Rf8 76. Kf3 Kd5 77. Be1 Ke5 78. Bc3+ Kf5 79. Bd2
Ra8 80. Bxf4 Ra3+ 81. Be3 Rxe3+ 82. Kxe3 Kg4 83. h5 Kxh5 84. Kf4 Kh4 85. Kf3 g5
86. Kf2 Kh3 0-1

[Event "Benidorm 2010 - Sub-2000"]
[Site "Benidorm ESP"]
[Date "2010.12.08"]
[Round "7.3"]
[White "Bote Kobolo, Benjamin"]
[Black "Gomez Peco, David"]
[Result "1-0"]
[WhiteElo "1991"]
[BlackElo "1993"]
[PlyCount "77"]
[EventDate "2010.12.03"]
[EventType "swiss"]
[EventRounds "10"]
[EventCountry "ESP"]
[Source "lmi"]
[SourceDate "2010.12.03"]

1. e4 c5 2. Nc3 Nc6 3. Bb5 g6 4. Bxc6 dxc6 5. Nf3 Bg7 6. O-O Nf6 7. e5 Nd5 8.
Ne4 Bg4 9. h3 Bxf3 10. Qxf3 Bxe5 11. Nxc5 Qc7 12. Re1 Bg7 13. c4 Nb6 14. Qe4
O-O 15. d3 e5 16. Bg5 Nd7 17. Nb3 Rfe8 18. Qh4 Qd6 19. Rad1 Nf8 20. Nd2 f6 21.
Be3 Ne6 22. Ne4 Qf8 23. c5 f5 24. Nd6 f4 25. Nxe8 Rxe8 26. Bd2 h5 27. f3 Qxc5+
28. Qf2 Qxf2+ 29. Kxf2 Nd4 30. Bxf4 Kf7 31. Bd2 Rd8 32. Bc3 Rd5 33. Re4 c5 34.
Bxd4 exd4 35. b3 Bh6 36. f4 g5 37. Rde1 gxf4 38. Re7+ Kf6 39. R1e6+ 1-0

[Event "Benidorm 2010 - Sub-2000"]
[Site "Benidorm ESP"]
[Date "2010.12.08"]
[Round "7.4"]
[White "Valdezate Suarez, Fernando"]
[Black "Rubio Trigueros, Jose Luis"]
[Result "1/2-1/2"]
[WhiteElo "1986"]
[BlackElo "1931"]
[PlyCount "42"]
[EventDate "2010.12.03"]
[EventType "swiss"]
[EventRounds "10"]
[EventCountry "ESP"]
[Source "lmi"]
[SourceDate "2010.12.03"]

1. d4 f5 2. c4 Nf6 3. Nc3 d6 4. g3 g6 5. Bg2 Bg7 6. Nf3 O-O 7. O-O c6 8. Re1
Ne4 9. Ng5 Nxc3 10. bxc3 e5 11. f4 e4 12. h4 Qe7 13. e3 Nd7 14. Bf1 Nf6 15. Rb1
h6 16. Nh3 Be6 17. Ba3 Rfd8 18. Rb2 Rac8 19. c5 Ne8 20. cxd6 Nxd6 21. Bxd6 Rxd6
1/2-1/2

[Event "Benidorm 2010 - Sub-2000"]
[Site "Benidorm ESP"]
[Date "2010.12.08"]
[Round "7.6"]
[White "Orti Boix, Miquel Lluis"]
[Black "Rubio Tent, Francisco"]
[Result "0-1"]
[WhiteElo "1884"]
[BlackElo "1980"]
[PlyCount "98"]
[EventDate "2010.12.03"]
[EventType "swiss"]
[EventRounds "10"]
[EventCountry "ESP"]
[Source "lmi"]
[SourceDate "2010.12.03"]

1. e4 c6 2. d4 d5 3. exd5 cxd5 4. c4 Nf6 5. Nc3 Be6 6. Nge2 dxc4 7. Nf4 Bg4 8.
f3 Bd7 9. Bxc4 e6 10. O-O Bd6 11. Ne4 Be7 12. d5 exd5 13. Nxf6+ gxf6 14. Qxd5
Qb6+ 15. Kh1 O-O 16. Bd3 Qc5 17. Bd2 Bc6 18. Qh5 Qxh5 19. Nxh5 Rd8 20. Nf4 Bd6
21. Bc4 Be5 22. Nd3 Bxb2 23. Rab1 Be5 24. Bh6 Nd7 25. f4 Bd4 26. Nb4 Be4 27.
Rb3 f5 28. Rg3+ Kh8 29. Bxf7 Nc5 30. Rd1 Bf6 31. Nd5 Bxd5 32. Bxd5 Ne4 33. Rf3
Nc3 34. Rxc3 Bxc3 35. h3 Bf6 36. Bb3 Rxd1+ 37. Bxd1 Rd8 38. Bb3 Rd4 39. Kh2 Bg7
40. Bxg7+ Kxg7 41. Kg3 a5 42. Kf3 a4 43. Be6 Kf6 44. Bg8 h5 45. Ke3 Re4+ 46.
Kf3 h4 47. Bh7 Re8 48. g4 hxg3 49. Kxg3 Rh8 0-1

[Event "Benidorm 2010 - Sub-2000"]
[Site "Benidorm ESP"]
[Date "2010.12.08"]
[Round "7.7"]
[White "Moya Albaladejo, Jose Antonio"]
[Black "Cuevas Silva, Angel"]
[Result "0-1"]
[WhiteElo "1929"]
[BlackElo "1963"]
[PlyCount "64"]
[EventDate "2010.12.03"]
[EventType "swiss"]
[EventRounds "10"]
[EventCountry "ESP"]
[Source "lmi"]
[SourceDate "2010.12.03"]

1. c4 Nf6 2. g3 g6 3. Bg2 Bg7 4. Nc3 O-O 5. Nf3 d6 6. O-O c6 7. Rb1 Bf5 8. d3
e5 9. b4 Nbd7 10. b5 Qc7 11. Qb3 Nc5 12. Qa3 Rfe8 13. Ne1 Nfd7 14. Be3 Ne6 15.
bxc6 bxc6 16. Qa6 Nd4 17. Bxd4 exd4 18. Ne4 Rab8 19. Nc2 d5 20. cxd5 cxd5 21.
Nd6 Qxc2 22. Rbc1 Qxe2 23. Nxe8 Rxe8 24. Bxd5 Ne5 25. Qb7 Rc8 26. Rce1 Qxd3 27.
f4 Ng4 28. Re7 Qd2 29. Bg2 Ne3 30. Ra1 d3 31. Rb1 Bd4 32. Kh1 Qc2 0-1

[Event "Benidorm 2010 - Sub-2000"]
[Site "Benidorm ESP"]
[Date "2010.12.08"]
[Round "7.9"]
[White "Picazo Gonzalez, Alejandro"]
[Black "Salgado Gonzalez, Julio"]
[Result "1-0"]
[WhiteElo "1955"]
[BlackElo "1843"]
[PlyCount "41"]
[EventDate "2010.12.03"]
[EventType "swiss"]
[EventRounds "10"]
[EventCountry "ESP"]
[Source "lmi"]
[SourceDate "2010.12.03"]

1. e4 Nc6 2. d4 d5 3. exd5 Qxd5 4. Nf3 Bg4 5. Be2 O-O-O 6. c4 Qh5 7. O-O e5 8.
h3 Bxf3 9. Bxf3 Qg6 10. d5 Nd4 11. Nc3 f5 12. Be3 Bc5 13. Bxd4 Bxd4 14. Nb5 Bb6
15. a4 a6 16. a5 axb5 17. axb6 Qxb6 18. Qc2 bxc4 19. Ra8+ Kd7 20. Qxf5+ Ke8 21.
Rxd8+ 1-0

[Event "Benidorm 2010 - Sub-2000"]
[Site "Benidorm ESP"]
[Date "2010.12.08"]
[Round "7.10"]
[White "Nicolas Zapata, Javier"]
[Black "Sos Andreu, Erik"]
[Result "0-1"]
[WhiteElo "1959"]
[BlackElo "1998"]
[PlyCount "100"]
[EventDate "2010.12.03"]
[EventType "swiss"]
[EventRounds "10"]
[EventCountry "ESP"]
[Source "lmi"]
[SourceDate "2010.12.03"]

1. d4 Nf6 2. c4 e6 3. Nc3 Bb4 4. Qc2 d5 5. Bg5 Nbd7 6. e3 c6 7. Bd3 Qa5 8. Bxf6
Nxf6 9. Nge2 dxc4 10. Bxc4 Qg5 11. O-O Qh6 12. e4 O-O 13. a3 Be7 14. Qc1 Qxc1
15. Raxc1 c5 16. d5 exd5 17. Nxd5 Nxd5 18. Bxd5 Rb8 19. Rfd1 b6 20. a4 Bf6 21.
b3 Re8 22. Nc3 a6 23. Bc6 Re6 24. Bd5 Re8 25. Bc4 Bd4 26. Re1 Bxc3 27. Rxc3 Bb7
28. e5 Rbd8 29. Rd3 Rxd3 30. Bxd3 Rd8 31. e6 fxe6 32. Bc4 Bd5 33. Rd1 a5 34. f4
g6 35. Kf2 Kf7 36. Ke3 Ke7 37. g4 Rd6 38. f5 gxf5 39. gxf5 Kf6 40. Kf4 Rd7 41.
Bb5 Rf7 42. fxe6 Kxe6+ 43. Kg5 Bxb3 44. Rd8 Rc7 45. Rb8 c4 46. Rxb6+ Ke5 47.
Ra6 c3 48. Rxa5 Kd4 49. Ra8 c2 50. Rd8+ Bd5 0-1

[Event "Benidorm 2010 - Sub-2000"]
[Site "Benidorm ESP"]
[Date "2010.12.08"]
[Round "7.11"]
[White "Perez Garcia, Jose Miguel"]
[Black "Frey, Armin"]
[Result "1-0"]
[WhiteElo "1993"]
[BlackElo "1962"]
[PlyCount "47"]
[EventDate "2010.12.03"]
[EventType "swiss"]
[EventRounds "10"]
[EventCountry "ESP"]
[Source "lmi"]
[SourceDate "2010.12.03"]

1. d4 f5 2. e4 fxe4 3. Nc3 Nf6 4. Bg5 d6 5. Bxf6 exf6 6. Nxe4 Bf5 7. Ng3 Bg6 8.
Bd3 Bxd3 9. Qxd3 Qe7+ 10. N1e2 Nc6 11. Nf5 Qf7 12. Qe4+ Be7 13. d5 Ne5 14. Qa4+
Kd8 15. Nf4 Kc8 16. O-O-O g6 17. Nd4 Nd7 18. Nfe6 Nb6 19. Qb3 f5 20. Nb5 Bd8
21. Qc3 Kd7 22. Qxh8 Bg5+ 23. Nxg5 Rxh8 24. Nxf7 1-0

[Event "Benidorm 2010 - Sub-2000"]
[Site "Benidorm ESP"]
[Date "2010.12.08"]
[Round "7.12"]
[White "Perez Puyal, Jose Joaquin"]
[Black "Martinez Escandell, Alfonso"]
[Result "1-0"]
[WhiteElo "1958"]
[BlackElo "1991"]
[PlyCount "133"]
[EventDate "2010.12.03"]
[EventType "swiss"]
[EventRounds "10"]
[EventCountry "ESP"]
[Source "lmi"]
[SourceDate "2010.12.03"]

1. d4 d5 2. Nf3 Nf6 3. e3 g6 4. Be2 Bg7 5. O-O O-O 6. Ne5 Nbd7 7. f4 c5 8. Nd2
cxd4 9. exd4 Nb6 10. Bd3 e6 11. b3 Bd7 12. Bb2 Rc8 13. a4 Bc6 14. a5 Nbd7 15.
a6 Nxe5 16. fxe5 Nd7 17. axb7 Bxb7 18. Ba3 Re8 19. Bb5 a6 20. Ba4 Bc6 21. Bd6
Qb6 22. Kh1 Qxd4 23. Qf3 f5 24. exf6 Qxf6 25. Qd3 Qc3 26. Ra2 Qxd3 27. cxd3
Bxa4 28. Rxa4 Rc6 29. Bb4 Bf8 30. Ba3 Bxa3 31. Rxa3 Rf8 32. Kg1 Rxf1+ 33. Kxf1
Ne5 34. d4 Ng4 35. h3 Ne3+ 36. Kf2 Nf5 37. Ra4 Kf7 38. g4 Nd6 39. h4 h6 40. Ke2
h5 41. Nf3 Rb6 42. Ne5+ Kg7 43. g5 Nf5 44. Nf3 Rxb3 45. Rxa6 Rb2+ 46. Ke1 Rb4
47. Ra7+ Kg8 48. Ra8+ Kh7 49. Ra7+ Ng7 50. Kd2 Kg8 51. Kc3 Rb8 52. Ne5 Kh7 53.
Nd7 Rc8+ 54. Kd3 Kh8 55. Nf6 Rb8 56. Ke2 Rc8 57. Kf3 Rb8 58. Kf4 Rc8 59. Ke5
Rb8 60. Kd6 Rc8 61. Kd7 Rb8 62. Ke7 e5 63. dxe5 d4 64. Rd7 Ra8 65. Kf7 d3 66.
Kxg6 d2 67. Rxg7 1-0

[Event "Benidorm 2010 - Sub-2000"]
[Site "Benidorm ESP"]
[Date "2010.12.08"]
[Round "7.13"]
[White "Castrillo Mansego, Pablo"]
[Black "Arroyo Rodriguez, Jesus"]
[Result "1-0"]
[WhiteElo "1949"]
[BlackElo "1988"]
[PlyCount "29"]
[EventDate "2010.12.03"]
[EventType "swiss"]
[EventRounds "10"]
[EventCountry "ESP"]
[Source "lmi"]
[SourceDate "2010.12.03"]

1. e4 c6 2. d4 d5 3. e5 Bf5 4. Bd3 Bxd3 5. Qxd3 e6 6. Nf3 c5 7. dxc5 Bxc5 8.
Qb5+ Nd7 9. Qxb7 Rb8 10. Qa6 Qc7 11. O-O Ne7 12. Nc3 Nxe5 13. Nxe5 Qxe5 14.
Qa4+ Kf8 15. Bf4 1-0

[Event "Benidorm 2010 - Sub-2000"]
[Site "Benidorm ESP"]
[Date "2010.12.08"]
[Round "7.16"]
[White "Cuadrado Lopez, Francisco Javie"]
[Black "Laurentiu, Burlacu"]
[Result "0-1"]
[WhiteElo "1984"]
[BlackElo "1955"]
[PlyCount "69"]
[EventDate "2010.12.03"]
[EventType "swiss"]
[EventRounds "10"]
[EventCountry "ESP"]
[Source "lmi"]
[SourceDate "2010.12.03"]

1. g3 e5 2. Bg2 Nc6 3. c4 f5 4. Nc3 Nf6 5. e3 Bc5 6. Nge2 d6 7. a3 Bb6 8. O-O
O-O 9. Nd5 Ne7 10. Nxb6 axb6 11. d4 e4 12. Qb3 d5 13. Nf4 c6 14. cxd5 Nexd5 15.
Bd2 Kh8 16. Nxd5 Nxd5 17. f3 Nf6 18. Qc2 Qd5 19. fxe4 fxe4 20. Bxe4 Qh5 21. Bf3
Bg4 22. Qd1 h6 23. Qe2 Rae8 24. Rae1 Bxf3 25. Rxf3 Qg6 26. Bb4 Rf7 27. Ref1 Rd7
28. Bc3 Kh7 29. Rf4 Nd5 30. Rg4 Rxe3 31. Qd1 Qe6 32. Qc2+ Kg8 33. Rg6 Qe4 34.
Qxe4 Rxe4 35. Re1 0-1

[Event "Benidorm 2010 - Sub-2000"]
[Site "Benidorm ESP"]
[Date "2010.12.08"]
[Round "7.17"]
[White "Benito Vicente, Jose Oscar"]
[Black "Medialdea Fernandez, Hernando"]
[Result "0-1"]
[WhiteElo "1982"]
[BlackElo "1866"]
[PlyCount "112"]
[EventDate "2010.12.03"]
[EventType "swiss"]
[EventRounds "10"]
[EventCountry "ESP"]
[Source "lmi"]
[SourceDate "2010.12.03"]

1. d4 d5 2. f4 Nf6 3. Nf3 Bf5 4. e3 e6 5. Bd3 Bxd3 6. Qxd3 a6 7. Nbd2 Nbd7 8.
O-O Be7 9. Ne5 O-O 10. Rf3 g6 11. h3 Nh5 12. g4 Ng7 13. e4 f5 14. exd5 exd5 15.
g5 c6 16. Nf1 Nb6 17. h4 Nh5 18. Ng3 Nxg3 19. Rxg3 Nc8 20. h5 Kg7 21. Rh3 Rh8
22. b3 Nd6 23. Ba3 Qc7 24. Kg2 Ne4 25. Bxe7 Qxe7 26. Rah1 Qb4 27. c3 Qa3 28.
Qc2 Qd6 29. Kg1 Qa3 30. hxg6 hxg6 31. Rxh8 Rxh8 32. Rxh8 Kxh8 33. Nxg6+ Kg8 34.
Nh4 Qa5 35. Nxf5 Qxc3 36. Qxc3 Nxc3 37. Kf2 Nxa2 38. Nh6+ Kf8 39. f5 Kg7 40.
f6+ Kg6 41. f7 Kg7 42. g6 Nc1 43. Ke3 Nxb3 44. Ng4 c5 45. dxc5 Nxc5 46. Ne5 Ne6
47. Nd7 b5 48. Nb6 Kxg6 49. Nxd5 Kxf7 50. Kd3 Ke8 51. Kc3 a5 52. Kb3 Kd7 53.
Ne3 Kc6 54. Nc2 Kc5 55. Kc3 b4+ 56. Kb3 Nd4+ 0-1

[Event "Benidorm 2010 - Sub-2000"]
[Site "Benidorm ESP"]
[Date "2010.12.08"]
[Round "7.22"]
[White "Ledo Galan, Jose Emilio"]
[Black "Ruiz Ruiz, Guillermo"]
[Result "1-0"]
[WhiteElo "1998"]
[BlackElo "1908"]
[PlyCount "37"]
[EventDate "2010.12.03"]
[EventType "swiss"]
[EventRounds "10"]
[EventCountry "ESP"]
[Source "lmi"]
[SourceDate "2010.12.03"]

1. e4 e6 2. Nc3 d5 3. Nf3 dxe4 4. Nxe4 Nf6 5. Nxf6+ Qxf6 6. d4 Qd8 7. Bd3 Nd7
8. O-O Nf6 9. Re1 Be7 10. Bf4 O-O 11. Be5 b6 12. Ng5 g6 13. Qf3 Rb8 14. Qh3 Nh5
15. Nxh7 Re8 16. g4 Ng7 17. Qh6 f6 18. Bxg6 Bb7 19. Nf8 1-0

[Event "Benidorm 2010 - Sub-2000"]
[Site "Benidorm ESP"]
[Date "2010.12.08"]
[Round "7.27"]
[White "Iglesias Fernandez, Luis"]
[Black "Belinchon Calleja, David"]
[Result "1-0"]
[WhiteElo "1879"]
[BlackElo "1990"]
[PlyCount "47"]
[EventDate "2010.12.03"]
[EventType "swiss"]
[EventRounds "10"]
[EventCountry "ESP"]
[Source "lmi"]
[SourceDate "2010.12.03"]

1. d4 d5 2. Bf4 c5 3. c3 Nc6 4. e3 cxd4 5. exd4 Nf6 6. Bd3 g6 7. Nf3 Bg7 8. O-O
Nh5 9. Be3 O-O 10. Qc1 Bg4 11. Nbd2 f5 12. h3 Bxh3 13. gxh3 f4 14. Nb3 fxe3 15.
Qxe3 Nf4 16. Nc5 e5 17. dxe5 b6 18. Nb3 Nxh3+ 19. Kh2 Rxf3 20. Qxf3 Bxe5+ 21.
Kxh3 Qg5 22. Qg4 Qh6+ 23. Qh4 Qg7 24. f4 1-0